Biological science 2 / (Record no. 10908)

MARC details
000 -LEADER
fixed length control field 00708cam a22002412 4500
001 - CONTROL NUMBER
control field 0000006986
005 - DATE AND TIME OF LATEST TRANSACTION
control field 20151217154400.0
008 - FIXED-LENGTH DATA ELEMENTS--GENERAL INFORMATION
fixed length control field 071105s xx 000 0 eng d
020 ## - INTERNATIONAL STANDARD BOOK NUMBER
International Standard Book Number 0521567203 :
Terms of availability KES 3200
040 ## - CATALOGING SOURCE
Original cataloging agency KABU
Transcribing agency KABU
050 #0 - LIBRARY OF CONGRESS CALL NUMBER
Classification number QH308.2
Item number .T394 1997
100 1# - MAIN ENTRY--PERSONAL NAME
Personal name Taylor, D. J.
-- 0000157060
245 10 - TITLE STATEMENT
Title Biological science 2 /
Statement of responsibility, etc. D. J. Taylor, N. P. O. Green, G. W. Stout.
250 ## - EDITION STATEMENT
Edition statement 3rd ed.
260 ## - PUBLICATION, DISTRIBUTION, ETC. (IMPRINT)
Place of publication, distribution, etc. Cambridge :
Name of publisher, distributor, etc. CUP,
Date of publication, distribution, etc. 1997.
300 ## - PHYSICAL DESCRIPTION
Extent vii, [549]
650 #0 - SUBJECT ADDED ENTRY--TOPICAL TERM
Topical term or geographic name as entry element Biology.
-- 0000003707
700 1# - ADDED ENTRY--PERSONAL NAME
Personal name Green, N. P. O.
-- 0000157061
700 1# - ADDED ENTRY--PERSONAL NAME
Personal name Stout, G. W.
-- 0000157062
908 ## - PUT COMMAND PARAMETER (RLIN)
Put command parameter 071105
950 ## - LOCAL HOLDINGS (RLIN)
-- 1
Holdings
Withdrawn status Lost status Source of classification or shelving scheme Not for loan Home library Current library Date acquired Total Checkouts Full call number Barcode Date last seen Date last checked out Copy number Price effective from Koha item type
    Library of Congress Classification   Kabarak, Main Campus Kabarak, Main Campus 17/12/2015 6 QH308.2 .T394 1997 33980 06/10/2023 29/09/2023 c. 1 17/12/2015 General Collection
Designed with assistance from East African Informatics Ltd